| 000 | 00317nam a22001217a 4500 | ||
|---|---|---|---|
| 020 | _a07-094269-2 | ||
| 082 | _a621.3 BIR'E | ||
| 100 |
_aBIRCHALL, G,STOTT, G. S _978578 |
||
| 245 | _aELECTRICAL PRINCIPLES FOR INSTALLATION AND CRAFT STUDENTS | ||
| 260 |
_aNEWYORK _bMCGRAW HILL _c1971 |
||
| 300 | _a210P | ||
| 942 | _cBK | ||
| 999 |
_c583687 _d583687 |
||